| 000 | 01049nam a22003135i 4500 | ||
|---|---|---|---|
| 001 | 11021 | ||
| 003 | ES-MaACL | ||
| 005 | 20250805062542.0 | ||
| 007 | t| | ||
| 008 | 930601s1993 sp ||||0| spa j | ||
| 020 | _a84-7658-394-X | ||
| 040 |
_aM-BN _bspa _cM-BN |
||
| 080 | _a1 Popper, Karl Raimund | ||
| 080 | _a321.01 | ||
| 100 | 1 |
_aPerona, Angeles J. _991320 |
|
| 245 | 1 | 0 |
_aEntre el liberalismo y la socialdemocracia _b: Popper y la "sociedad abierta" / _cAngeles J. Perona ; prólogo de Jacobo Muñoz. |
| 250 | _a1ª ed. | ||
| 260 |
_aBarcelona : _bAnthropos, _c1993. |
||
| 300 |
_a248 p ; _c20 cm. |
||
| 490 | 1 |
_aPensamiento crítico/pensamiento utópico ; _v76 |
|
| 500 | _aIndices. | ||
| 504 | _aBibliografía: p. 231-239. | ||
| 600 | 1 | 4 |
_aPopper, Karl Raimund- _xCrítica e interpretación. _993109 |
| 650 | 4 |
_aPolítica- _xFilosofía _916274 |
|
| 700 | 1 |
_aMuñoz, Jacobo. _9137824 |
|
| 830 | 0 |
_aPensamiento crítico/pensamiento utópico ; _v76 _9177290 |
|
| 852 |
_aES-MaACL _jL-18324 _bR.121415 |
||
| 999 |
_c11021 _d11021 |
||